[Event "Budapest Karacsonyi op 5th"]
[Site "Budapest"]
[Date "2013.12.30"]
[Round "6"]
[White "Ongut, Tamas Gunes"]
[Black "Pollak, Andras"]
[Result "1-0"]
[WhiteElo "1481"]
[BlackElo "1631"]
[PlyCount "73"]
[EventDate "2013.12.27"]
[EventType "swiss"]
[EventRounds "7"]
[EventCountry "HUN"]
[SourceTitle "CBM 158 Extra"]
[Source "ChessBase"]
[SourceDate "2014.02.28"]
[SourceVersion "1"]
[SourceVersionDate "2014.02.28"]
[SourceQuality "1"]

1. e4 d5 2. exd5 Qxd5 3. Nc3 Qd8 4. d4 c6 5. Nf3 Bg4 6. Be2 Nf6 7. 0-0 e6 8. Bg5 Nbd7 9. Ne5 Bxe2 10. Qxe2 Be7 11. Rad1 0-0 12. f4 h6 13. Nxd7 Qxd7 14. Bh4 Qc7 15. Kh1 Rfe8 16. Bxf6 Bxf6 17. Ne4 Be7 18. c3 Rad8 19. g3 Qa5 20. a3 Qd5 21. Kg1 f5 22. Nf2 Bf6 23. Nd3 Qb5 24. Qg2 Qb6 25. Nc5 Rd6 26. Rfe1 Qc7 27. Qe2 b6 28. Nb3 a5 29. a4 Qd7 30. Nd2 b5 31. axb5 cxb5 32. Nb3 Bd8 33. Nc5 Qc6 34. Qg2 Rd5 35. Re5 Bb6 36. Nxe6 Rxe6 37. Qxd5 1-0

[Event "Budapest Karacsonyi op 5th"]
[Site "Budapest"]
[Date "2013.12.27"]
[Round "1"]
[White "Pollak, Andras"]
[Black "Bodi, Tibor"]
[Result "1/2-1/2"]
[WhiteElo "1631"]
[BlackElo "2105"]
[PlyCount "83"]
[EventDate "2013.12.27"]
[EventType "swiss"]
[EventRounds "7"]
[EventCountry "HUN"]
[SourceTitle "CBM 158 Extra"]
[Source "ChessBase"]
[SourceDate "2014.02.28"]
[SourceVersion "1"]
[SourceVersionDate "2014.02.28"]
[SourceQuality "1"]

1. d4 c5 2. e3 Nf6 3. Nf3 d5 4. h3 Nc6 5. Be2 Bf5 6. c3 e6 7. 0-0 Bd6 8. Na3 0-0 9. Nb5 Be7 10. Nh4 Be4 11. f4 c4 12. Nf3 a6 13. Na3 Bxf3 14. Bxf3 Bxa3 15. bxa3 Ne4 16. Bxe4 dxe4 17. f5 Qg5 18. Qe2 exf5 19. Qxc4 Rac8 20. Qb3 b5 21. Bd2 Na5 22. Qd1 Nc4 23. Rf4 g6 24. Qe1 Nxa3 25. h4 Qh5 26. Qf2 Nc4 27. Be1 Nb6 28. g4 fxg4 29. Rxe4 Rce8 30. Qg2 Nd5 31. Bd2 Rxe4 32. Qxe4 Nf6 33. Qf4 Nd5 34. Qe4 Rd8 35. Rf1 Qxh4 36. Rf2 h5 37. c4 bxc4 38. Ba5 Qg5 39. Bxd8 Qxd8 40. Qe5 Qd7 41. Rb2 f6 42. Qb8+ 1/2-1/2

[Event "Budapest BEAC"]
[Site "Budapest"]
[Date "2012.05.24"]
[Round "6"]
[White "Czimer, Jozsef"]
[Black "Pollak, Andras"]
[Result "1-0"]
[WhiteElo "1766"]
[BlackElo "1642"]
[PlyCount "55"]
[EventDate "2012.05.16"]
[EventType "tourn"]
[EventRounds "11"]
[EventCountry "HUN"]
[SourceTitle "EXT 2014"]
[Source "ChessBase"]
[SourceDate "2013.11.20"]
[SourceVersion "1"]
[SourceVersionDate "2013.11.20"]
[SourceQuality "1"]

1. e4 e6 2. d4 d5 3. Nd2 dxe4 4. Nxe4 h6 5. Nf3 Nd7 6. Bd3 Ngf6 7. Nxf6+ Nxf6 8. 0-0 Bd6 9. Ne5 Bxe5 10. dxe5 Nd7 11. Qe2 c6 12. f4 Qc7 13. c3 Nb6 14. Be3 Nd5 15. Bc5 Bd7 16. a4 Ne7 17. a5 g6 18. g4 h5 19. g5 Nf5 20. Qf2 Bc8 21. Bxa7 0-0 22. Bb6 Qd7 23. Be4 Ra6 24. Rfd1 Qe7 25. Rd3 Rxb6 26. axb6 Ng7 27. b4 Bd7 28. Qc5 1-0

[Event "Budapest BEAC"]
[Site "Budapest"]
[Date "2012.05.22"]
[Round "4"]
[White "Pollak, Andras"]
[Black "Kelemen, Szabolcs"]
[Result "1-0"]
[WhiteElo "1642"]
[BlackElo "1245"]
[PlyCount "79"]
[EventDate "2012.05.16"]
[EventType "tourn"]
[EventRounds "11"]
[EventCountry "HUN"]
[SourceTitle "EXT 2014"]
[Source "ChessBase"]
[SourceDate "2013.11.20"]
[SourceVersion "1"]
[SourceVersionDate "2013.11.20"]
[SourceQuality "1"]

1. d4 Nf6 2. Nf3 d5 3. Bf4 Nc6 4. h3 e6 5. e3 Bd7 6. Bd3 Bd6 7. Bg5 h6 8. Bh4 0-0 9. c3 a6 10. Bc2 b5 11. Qd3 b4 12. Bxf6 g6 13. Bxd8 Raxd8 14. Nh4 Ne7 15. 0-0 Bb5 16. Qd1 Bxf1 17. Qxf1 a5 18. c4 Ra8 19. c5 Rac8 20. cxd6 cxd6 21. Qd3 e5 22. dxe5 dxe5 23. Bb3 e4 24. Qb5 Rc1+ 25. Kh2 Rd8 26. Qxa5 Rd7 27. Qb5 Rd8 28. Qb6 Rd7 29. Qb8+ Rc8 30. Qe5 Nc6 31. Qf6 Na5 32. Nxg6 fxg6 33. Qe6+ Rf7 34. Qxc8+ Rf8 35. Bxd5+ Kg7 36. Qc7+ Kh8 37. Qe5+ Kh7 38. Qe7+ Kh8 39. Qxf8+ Kh7 40. Qg8# 1-0

[Event "Budapest op 1st"]
[Site "Budapest"]
[Date "2011.08.27"]
[Round "8"]
[White "Balla, Attila"]
[Black "Pollak, Andras"]
[Result "1-0"]
[WhiteElo "1722"]
[BlackElo "1700"]
[PlyCount "57"]
[EventDate "2011.08.20"]
[EventType "swiss"]
[EventRounds "9"]
[EventCountry "HUN"]
[SourceTitle "EXT 2022"]
[Source "ChessBase"]
[SourceDate "2021.10.06"]
[SourceVersion "1"]
[SourceVersionDate "2021.10.06"]
[SourceQuality "1"]

1. d4 d5 2. c4 c6 3. Nf3 Nf6 4. Nc3 Bf5 5. Qb3 Qc8 6. cxd5 cxd5 7. Nxd5 Nxd5 8. Qxd5 e6 9. Qb3 Bd6 10. Bd2 0-0 11. Rc1 Qd7 12. e3 Be4 13. Bd3 Bd5 14. Qc2 g6 15. e4 Bc6 16. Bc3 Bf4 17. Bd2 Bd6 18. Bh6 Bb4+ 19. Ke2 Re8 20. a3 Be7 21. h4 Bf8 22. Qd2 Bg7 23. Bxg7 Kxg7 24. h5 Bb5 25. hxg6 Bxd3+ 26. Qxd3 fxg6 27. Ne5 Qd8 28. Qh3 h5 29. Qg3 1-0

[Event "Budapest op 1st"]
[Site "Budapest"]
[Date "2011.08.25"]
[Round "6"]
[White "Szoukup, Istvan"]
[Black "Pollak, Andras"]
[Result "1-0"]
[WhiteElo "1825"]
[BlackElo "1700"]
[PlyCount "42"]
[EventDate "2011.08.20"]
[EventType "swiss"]
[EventRounds "9"]
[EventCountry "HUN"]
[SourceTitle "EXT 2022"]
[Source "ChessBase"]
[SourceDate "2021.10.06"]
[SourceVersion "1"]
[SourceVersionDate "2021.10.06"]
[SourceQuality "1"]

1. e4 e6 2. d4 d5 3. Nc3 Bb4 4. e5 Ne7 5. a3 Bxc3+ 6. bxc3 h6 7. c4 c6 8. cxd5 exd5 9. Bd3 Bf5 10. Nf3 c5 11. c3 c4 12. Bxf5 Nxf5 13. 0-0 0-0 14. a4 Re8 15. Ba3 Nc6 16. Rb1 b6 17. Qc2 Nh4 18. Qe2 Re6 19. Nxh4 Qxh4 20. Rb5 Rd8 21. Qf3 Qe4 1-0

[Event "Budapest FS07 FM-C"]
[Site "Budapest"]
[Date "2009.07.08"]
[Round "5"]
[White "Pollak, Andras"]
[Black "Szoukup, Istvan"]
[Result "0-1"]
[WhiteElo "1693"]
[BlackElo "1783"]
[PlyCount "70"]
[EventDate "2009.07.04"]
[EventType "tourn"]
[EventRounds "7"]
[EventCountry "HUN"]
[SourceTitle "CBM 131 Extra"]
[Source "ChessBase"]
[SourceDate "2009.09.03"]
[SourceVersion "2"]
[SourceVersionDate "2009.09.16"]
[SourceQuality "1"]

1. d4 Nf6 2. c4 e6 3. Nc3 Bb4 4. Qc2 d5 5. a3 Bxc3+ 6. Qxc3 0-0 7. Bg5 dxc4 8. Qxc4 Qd5 9. Qxd5 Nxd5 10. Nf3 Nc6 11. e3 h5 12. e4 Nb6 13. Be2 f6 14. Be3 g5 15. b3 Bd7 16. h3 Kg7 17. Nd2 Be8 18. Rc1 Rd8 19. b4 Rf7 20. Nb3 Re7 21. b5 Nb8 22. 0-0 c6 23. bxc6 Nxc6 24. e5 Nd5 25. exf6+ Kxf6 26. Nc5 Nf4 27. Ne4+ Kg6 28. Bxf4 gxf4 29. Rc4 Kh6 30. Nf6 Nxd4 31. Ng8+ Kh7 32. Nxe7 Nxe2+ 33. Kh2 Rd7 34. Re1 f3 35. g3 Rxe7 0-1

[Event "Budapest FS06 FM-C"]
[Site "Budapest"]
[Date "2009.06.13"]
[Round "8"]
[White "Bense, David Balazs"]
[Black "Pollak, Andras"]
[Result "0-1"]
[WhiteElo "1511"]
[BlackElo "1711"]
[PlyCount "86"]
[EventDate "2009.06.06"]
[EventType "tourn"]
[EventRounds "11"]
[EventCountry "HUN"]
[SourceTitle "CBM 130 Extra"]
[Source "ChessBase"]
[SourceDate "2009.07.02"]
[SourceVersion "2"]
[SourceVersionDate "2009.07.15"]
[SourceQuality "1"]

1. e4 c5 2. c3 d6 3. d4 cxd4 4. cxd4 Nf6 5. Nc3 a6 6. Nf3 Bg4 7. Be2 g6 8. h3 Bd7 9. 0-0 Bg7 10. d5 0-0 11. Be3 b5 12. Rc1 b4 13. Na4 Nxe4 14. Nb6 Ra7 15. Nxd7 Rxd7 16. Rc4 Nf6 17. Rxb4 Qa5 18. Ra4 Qxd5 19. Qxd5 Nxd5 20. Bxa6 Nxe3 21. fxe3 Ra7 22. Bb5 Rxa4 23. Bxa4 Bxb2 24. Bb5 Ba3 25. Rb1 Rc8 26. Ne1 Nc6 27. Nd3 Ne5 28. Nxe5 dxe5 29. Rb3 Rc1+ 30. Kh2 Bd6 31. e4 f5 32. Bd3 f4 33. h4 h5 34. a4 Bc5 35. a5 Bf2 36. Rb1 Rc7 37. a6 Ra7 38. Bc4+ Kg7 39. Rb8 Bxh4 40. Bd5 Rxa6 41. Rg8+ Kh7 42. Rb8 Bf6 43. Kg1 Kh6 0-1

[Event "Budapest FS06 FM-C"]
[Site "Budapest"]
[Date "2009.06.12"]
[Round "7"]
[White "Pollak, Andras"]
[Black "Fabian, Csaba"]
[Result "0-1"]
[WhiteElo "1711"]
[BlackElo "1882"]
[PlyCount "34"]
[EventDate "2009.06.06"]
[EventType "tourn"]
[EventRounds "11"]
[EventCountry "HUN"]
[SourceTitle "CBM 130 Extra"]
[Source "ChessBase"]
[SourceDate "2009.07.02"]
[SourceVersion "2"]
[SourceVersionDate "2009.07.15"]
[SourceQuality "1"]

1. d4 d5 2. Nf3 c6 3. c3 Bf5 4. Qb3 Qb6 5. Bf4 Nd7 6. Ne5 Ngf6 7. Nd2 e6 8. e3 h6 9. h3 Be7 10. Be2 0-0 11. Ndf3 Be4 12. 0-0 Bxf3 13. Nxf3 Ne4 14. Bd3 f5 15. Ne5 Nxe5 16. Bxe5 Qxb3 17. axb3 Nd2 0-1

[Event "Budapest FS05 FM-B"]
[Site "Budapest"]
[Date "2009.05.09"]
[Round "7"]
[White "Pollak, Andras"]
[Black "Horvath, Zoltan3333"]
[Result "1-0"]
[WhiteElo "1711"]
[BlackElo "1424"]
[PlyCount "119"]
[EventDate "2009.05.02"]
[EventType "tourn"]
[EventRounds "9"]
[EventCountry "HUN"]
[SourceTitle "CBM 130 Extra"]
[Source "ChessBase"]
[SourceDate "2009.07.02"]
[SourceVersion "2"]
[SourceVersionDate "2009.07.15"]
[SourceQuality "1"]

1. d4 Nf6 2. Nf3 d5 3. c4 c6 4. cxd5 cxd5 5. Nc3 Nc6 6. Bf4 a6 7. e3 e6 8. Be2 Bd6 9. Bg5 h6 10. Bh4 Be7 11. 0-0 0-0 12. Rc1 Re8 13. a3 Bd7 14. Qb3 Na5 15. Qd1 b5 16. Ne5 Nc4 17. Bxc4 dxc4 18. Qe2 Nd5 19. Bg3 Bd6 20. Nxf7 Kxf7 21. Bxd6 Bc6 22. Be5 Qg5 23. Ne4 Qg6 24. Nd6+ Kg8 25. e4 Nf6 26. Bxf6 Qxf6 27. Nxe8 Rxe8 28. Qe3 Qg6 29. f3 Kh7 30. b3 Bd7 31. bxc4 bxc4 32. Rfd1 Rc8 33. Rc3 Qe8 34. e5 Qd8 35. Rxc4 Bb5 36. Rxc8 Qxc8 37. Rc1 Qd7 38. Qe4+ Kh8 39. Rc5 Kg8 40. Qe3 Kh7 41. Qc3 Qb7 42. Qc2+ Kg8 43. Rc8+ Kf7 44. Rc7+ Qxc7 45. Qxc7+ Kg6 46. Kf2 h5 47. g4 h4 48. f4 Bd3 49. Qe7 a5 50. Qxh4 Kf7 51. Ke3 Bg6 52. d5 exd5 53. f5 Bxf5 54. gxf5 a4 55. Qh5+ Kf8 56. Kd4 Ke7 57. Qg6 Kf8 58. e6 Kg8 59. e7 Kh8 60. e8R# 1-0

[Event "Budapest Spring op 25th"]
[Site "Budapest"]
[Date "2009.03.24"]
[Round "5"]
[White "Pollak, Andras"]
[Black "Kiss, Peter2222"]
[Result "1-0"]
[WhiteElo "1699"]
[BlackElo "1532"]
[PlyCount "99"]
[EventDate "2009.03.20"]
[EventType "swiss"]
[EventRounds "9"]
[EventCountry "HUN"]
[SourceTitle "CBM 129 Extra"]
[Source "ChessBase"]
[SourceDate "2009.05.05"]
[SourceVersion "2"]
[SourceVersionDate "2009.05.20"]
[SourceQuality "1"]

1. d4 c5 2. d5 e5 3. dxe6 fxe6 4. c4 d5 5. e3 Nf6 6. Nf3 Nc6 7. Be2 Be7 8. 0-0 0-0 9. a3 b6 10. Qc2 Qc7 11. Nc3 Rd8 12. Nb5 Qd7 13. b3 a6 14. Nc3 d4 15. Rd1 e5 16. Na4 Qc7 17. exd4 cxd4 18. Bd3 Bd7 19. Ng5 Bc8 20. Bxh7+ Kf8 21. Bf5 d3 22. Bxd3 Nd4 23. Qb2 Ng4 24. Be4 Bb7 25. Rxd4 Rxd4 26. Qxd4 Bxg5 27. Qd3 Bxc1 28. Rxc1 Nf6 29. Bxb7 Qxb7 30. Qd6+ Kf7 31. Qxb6 Qxb6 32. Nxb6 Rb8 33. c5 Rb7 34. b4 Ke6 35. f3 a5 36. bxa5 Ne8 37. Rd1 Ra7 38. Rd8 Nf6 39. c6 Ke7 40. Rb8 Rc7 41. a6 Kd6 42. a7 Rxa7 43. Nc8+ Kc7 44. Nxa7 Kxb8 45. Nb5 Nd5 46. Kf2 Ne7 47. c7+ Kb7 48. Ke3 Kc6 49. a4 Kd5 50. Na7 1-0